000 00520nam a2200193Ia 4500
003 GCL
008 140319s9999 xx 000 0 eng d
040 _aGCL /
_cGCL
082 0 4 _a782.1
_bX S
100 1 _aXIAFENG, PAN
245 1 0 _aTHE STAGECRAFT OF PEKING OPEREA FROM ITS ORIGINS TO THE PRESENT DAY /
_cXIAFENG, PAN
260 _a[S.N] :
_bNEW WORLD PRESS ،
_c1995
300 _a252 P
650 0 4 _aOPERA
650 0 4 _aOPERA - CHINA
650 0 4 _aARTS
650 0 4 _aOPERA, CHINSE - HISTORY
942 _2ddc
_cBK
999 _c14437
_d14437